New Style English Grammar & Composition (Record no. 197571)

MARC details
000 -LEADER
fixed length control field 00408nam a22001577a 4500
003 - CONTROL NUMBER IDENTIFIER
control field dpl
005 - DATE AND TIME OF LATEST TRANSACTION
control field 20230828113239.0
008 - FIXED-LENGTH DATA ELEMENTS--GENERAL INFORMATION
fixed length control field 230828b |||||||| |||| 00| 0 eng d
040 ## - CATALOGING SOURCE
Transcribing agency -
082 ## - DEWEY DECIMAL CLASSIFICATION NUMBER
Classification number 485-BRI
100 ## - MAIN ENTRY--PERSONAL NAME
Personal name Nandan Lal, Brij
9 (RLIN) 55372
245 ## - TITLE STATEMENT
Title New Style English Grammar & Composition
Medium English
260 ## - PUBLICATION, DISTRIBUTION, ETC. (IMPRINT)
Place of publication, distribution, etc A.I.C.B.
Name of publisher, distributor, etc Delhi
Date of publication, distribution, etc Rohini
300 ## - PHYSICAL DESCRIPTION
Extent 12x113
Type of unit 1-6
942 ## - ADDED ENTRY ELEMENTS (KOHA)
Source of classification or shelving scheme Dewey Decimal Classification
Koha item type Braille-Books-English
Call number prefix 485
Call number suffix BRI
Holdings
Withdrawn status Lost status Source of classification or shelving scheme Damaged status Not for loan Home library Current library Date acquired Cost, normal purchase price Total Checkouts Full call number Barcode Date last seen Price effective from Koha item type
    Dewey Decimal Classification     Braille-Library Braille-Library 28/08/2023 115.33   485-BRI BR-004454 28/08/2023 28/08/2023 Braille-Books-English
    Dewey Decimal Classification     Braille-Library Braille-Library 28/08/2023 115.33   485-BRI BR-004455 28/08/2023 28/08/2023 Braille-Books-English
    Dewey Decimal Classification     Braille-Library Braille-Library 28/08/2023 115.33   485-BRI BR-004456 28/08/2023 28/08/2023 Braille-Books-English
    Dewey Decimal Classification     Braille-Library Braille-Library 28/08/2023 115.33   485-BRI BR-004457 28/08/2023 28/08/2023 Braille-Books-English
    Dewey Decimal Classification     Braille-Library Braille-Library 28/08/2023 115.33   485-BRI BR-004458 28/08/2023 28/08/2023 Braille-Books-English
    Dewey Decimal Classification     Braille-Library Braille-Library 28/08/2023 115.33   485-BRI BR-004459 28/08/2023 28/08/2023 Braille-Books-English
    Dewey Decimal Classification     Braille-Library Braille-Library 28/08/2023 115.33   485-BRI BR-004460 28/08/2023 28/08/2023 Braille-Books-English
    Dewey Decimal Classification     Braille-Library Braille-Library 28/08/2023 115.33   485-BRI BR-004461 28/08/2023 28/08/2023 Braille-Books-English
    Dewey Decimal Classification     Braille-Library Braille-Library 28/08/2023 115.33   485-BRI BR-004462 28/08/2023 28/08/2023 Braille-Books-English
    Dewey Decimal Classification     Braille-Library Braille-Library 28/08/2023 115.33   485-BRI BR-004463 28/08/2023 28/08/2023 Braille-Books-English
    Dewey Decimal Classification     Braille-Library Braille-Library 28/08/2023 115.33   485-BRI BR-004464 28/08/2023 28/08/2023 Braille-Books-English
    Dewey Decimal Classification     Braille-Library Braille-Library 28/08/2023 115.33   485-BRI BR-004465 28/08/2023 28/08/2023 Braille-Books-English

© Delhi Public Library
Hit Counter
free hit counter